000 00890cam a22002773a 4500
001 6108
003 PGUSA
005 20140828083128.0
008 040701s2004||||xxu|||||s|||||000 1 eng d
040 _aPGUSA
_beng
042 _adc
050 4 _aPZ
050 4 _aPS
100 1 _aRalphson, G. Harvey
_q(George Harvey),
_d1879-1940
245 1 0 _aBoy Scouts in a Submarine; Or, Searching an Ocean Floor
_h[electronic resource] /
_cG. Harvey Ralphson
260 _bProject Gutenberg,
_c2004
506 _aPublic domain in the USA.
516 _aElectronic text
653 _aSubmarines (Ships) -- Juvenile fiction
653 _aUnited States. Secret Service -- Juvenile fiction
653 _aBoy Scouts of America -- Juvenile fiction
653 _aSalvage -- Juvenile fiction
830 0 _aProject Gutenberg
_v6108
856 4 0 _uhttp://www.gutenberg.org/ebooks/6108
942 _cEB
999 _c235436
_d235436